01557nam a2200289 a 4500001001000000003000900010005001700019008004100036040002500077049000900102082002000111100004300131245011700174260004500291300003600336504003100372650006600403651008900469910003700558942001400595952013300609952013300742952013300875952011801008952012401126999001701250000021901DO-SdBNP20250617130649.0100914s19uu dr ac 001 0 spa d aDO-SdBNPbspacBNPHU aBNPD a972.9302bR696p1 aRodríguez, Luis Arzeno,b1922-9301810aPrimicias de América en Santo Domingo :bV centenario del descubrimiento 1492-1992 /cLuis Arzeno Rodríguez. aSanto Domingo :bDel Nordeste,c[19--?]. a170 p. :bil., retrs. ;c21 cm. aBibliografía: p.169-170. 4aSanto domingo (república dominicana)xHistoria local945451 0aRepública Dominicana --xHistoria -- yDescubrimiento y conquista, 1492-1503 9255 aValidado. Control de calidad EMS 2ddccLBS1 001054708DSaGRbGRcHDd2010-09-14iLF1l0o972.9302 R696pp21901-30r2020-06-25te. 3w2020-06-25yLFDSZPréstamo en sala 001054708DSaGRbGRcHDd2011-04-18iLF1l0o972.9302 R696pp21901-40r2020-06-25te. 4w2020-06-25yLFDSZPréstamo en sala 001054708DSaGRbGRcHDd2011-05-04iLF1l0o972.9302 R696pp21901-50r2020-06-25te. 5w2020-06-25yLFDSZPréstamo en sala 0010718PDaPDbPDcHDd2010-09-14iLF1l0o972.9302 R696pp21901-10r2020-06-25w2020-06-25yLFPDZNo se presta 0010718PDaPDbPDcHDd2010-09-14iLF1l0o972.9302 R696pp21901-20r2020-06-25te. 2w2020-06-25yLFPDZNo se presta c21399d21399